Central Library OPAC University of Rajshahi

India and world politics / (Record no. 42156)

MARC details
000 -LEADER
fixed length control field 00878nam a2200301 a 4500
001 - CONTROL NUMBER
control field 42156
003 - CONTROL NUMBER IDENTIFIER
rucl marc code (BD-RJUL)
005 - DATE AND TIME OF LATEST TRANSACTION
control field 20211209053512.0
008 - FIXED-LENGTH DATA ELEMENTS--GENERAL INFORMATION
fixed length control field 160609s1970 ii b 001 0 eng
035 ## - SYSTEM CONTROL NUMBER
System control number MITb10442906
System control number (OCoLC)00108860
-- (BD-RJUL) 42274
System control number GLIS00442906
040 ## - CATALOGING SOURCE
Original cataloging agency DLC
Transcribing agency DLC
Modifying agency m.c.
-- (BD-RJUL)
Language of cataloging eng
041 ## - LANGUAGE CODE
Language code of text/sound track or separate title eng
082 ## - DEWEY DECIMAL CLASSIFICATION NUMBER
Edition number 23
Classification number 320.954
Author mark and year BAI 1970
090 ## - LOCALLY ASSIGNED LC-TYPE CALL NUMBER (OCLC); LOCAL CALL NUMBER (OCLC)
Classification number (OCLC) (R) ; Classification number, CALL (RLIN) (NR) DS480.84
Local cutter number (OCLC) ; Book number/undivided call number, CALL (RLIN) .B176
099 ## - LOCAL FREE-TEXT CALL NUMBER (OCLC)
Bangla Class number DS480.84.B176
100 0# - MAIN ENTRY--PERSONAL NAME
Personal name Baldev,
Dates associated with a name 1927-
9 (RLIN) 129643
245 10 - TITLE STATEMENT
Title India and world politics /
Statement of responsibility, etc. Baldev
260 ## - PUBLICATION, DISTRIBUTION, ETC. (IMPRINT)
Place of publication, distribution, etc. New Delhi :
Name of publisher, distributor, etc. International Reporter Publications,
Date of publication, distribution, etc. [1970-
300 ## - PHYSICAL DESCRIPTION
Pagination v. :
Illustrations ill. ;
Size 23 cm.
504 ## - BIBLIOGRAPHY, ETC. NOTE
Bibliography, etc Bibliography: v. 1: p. [323]-324.
505 0# - FORMATTED CONTENTS NOTE
Formatted contents note v. 1 ---
651 #0 - SUBJECT ADDED ENTRY--GEOGRAPHIC NAME
Geographic name India
General subdivision Politics and government
Chronological subdivision 1947-
9 (RLIN) 125446
942 ## - ADDED ENTRY ELEMENTS (KOHA)
Source of classification or shelving scheme Dewey Decimal Classification
Koha item type Books
949 ## - LOCAL PROCESSING INFORMATION (OCLC)
a MYGD
v 1
Holdings
Lost status Source of classification or shelving scheme Damaged status Not for loan Collection code Permanent Location Current Location Shelving location Date acquired Source of acquisition Total Checkouts Full call number Date last seen Copy number Koha item type
  Dewey Decimal Classification     Non-fiction Central Library, University of Rajshahi Central Library, University of Rajshahi   04/07/1974 India govt.   320.954 BAI V-1 1970 09/06/2016 C-2 Books